000 00262nam a22001217a 4500
008 170904b xxu||||| |||| 00| 0 eng d
041 _aeng
080 _28 ED
_a070
100 _a40
101 _aMED
245 _aPUBLIC SPEAKING
_cOSBORN.M
942 _2udc
_cBK
999 _c26005
_d26005